Alexandre Herculano e o seu tempo / (Record no. 162140)

MARC details
000 -LEADER
campo de control de longitud fija 00582nam a22001695i 4500
001 - NÚMERO DE CONTROL
campo de control 162140
003 - IDENTIFICADOR DE NÚMERO DE CONTROL
campo de control ES-MaACL
005 - FECHA Y HORA DE LA ÚLTIMA TRANSACCIÓN
campo de control 20251012195452.0
008 - DATOS DE LONGITUD FIJA--INFORMACIÓN GENERAL
campo de control de longitud fija 990208s1881 po |||| | por d
100 1# - ENTRADA PRINCIPAL--NOMBRE DE PERSONA
Nombre de persona Serpa Pimentel, António de,
Fechas asociadas al nombre 1825-1900
9 (RLIN) 132658
245 10 - MENCIÓN DEL TÍTULO
Título Alexandre Herculano e o seu tempo /
Mención de responsabilidad, etc. estudo critico por Antonio de Serpa Pimentel.
260 ## - PUBLICACIÓN, DISTRIBUCIÓN, ETC.
Lugar de publicación, distribución, etc. Lisboa :
Nombre del editor, distribuidor, etc. [s.n.],
Fecha de publicación, distribución, etc. 1881 (
Fabricante Imp. Nacional)
300 ## - DESCRIPCIÓN FÍSICA
Extensión 261 p. ;
Dimensiones 18 cm.
600 14 - PUNTO DE ACCESO ADICIONAL DE MATERIA--NOMBRE DE PERSONA
Nombre de persona Herculano, Alexandre,
Fechas asociadas al nombre 1810-1877
9 (RLIN) 62677
852 ## - LOCALIZACIÓN
Ubicación ES-MaACL
Número de control de estantería G-9036
Nota libre - Enc. hol.
Holdings
Estatus retirado Estado de pérdida Estado de daño No para préstamo Colección Biblioteca de origen Biblioteca actual Ubicación en estantería Fecha de adquisición Fuente de adquisición Total de préstamos Signatura topográfica completa Código de barras Visto por última vez Precio de reemplazo Tipo de ítem Koha
        Libros del s. XIX Biblioteca del Ateneo de Madrid Biblioteca del Ateneo de Madrid Sala Pecera Planta 3 17/01/2008     G-9036 1169860 23/02/2023 23/02/2023 Libro impreso antiguo